00557 2200217 4500001002100000005001500021035002000036007000300056008004100059020001500100082001200115084001800127100001800145245006400163250001000227260003100237300002900268650001000297700001800307990001400325INLIS00000000000417320191009111634 a0010-1019000025ta191009 g 1 ind  a9797347766 a540.076 a540.076 JOH k0 aJohari, J.M.C1 aKimia 2A.a :buntuk SMA kelas XI semseter 1 /cJ.M.C Johari acet.9 aJakarta :bErlangga,c2010 a94 hlm ;c19,5 x 25,5 cm 4akimia0 aM. Rachmawati a1072.355b